000 01060nam a2200313 i 4500
001 000009340
003 DO-SdBNP
005 20250423143057.0
007 ta
008 090929s1985 dr 000 0 spa d
040 _aDO-SdBNP
_bspa
_cBNPHU
_erda
082 4 _a616.9792
_bD313s
_222
100 1 _aDefilló M., Bernardo,
_eautor
_4aut.
_924103
245 1 0 _aSIDA :
_bdiagnóstico, tratamiento y prevención /
_cBernardo Defilló M.
264 1 _aSanto Domingo :
_bTaller,
_c1985.
300 _a134 páginas ;
_c20 cm.
336 _atexto
_btxt
_2rdacontent
337 _asin mediación
_bn
_2rdamedia
338 _avolumen
_bnc
_2rdacarrier
500 _aIncluye datos biográficos del autor en la contracubierta
504 _aBibliografía : páginas 99-102
590 _aInventariado, 2018/LP
650 0 _aSIDA (Enfermedad)
_zRepública Dominicana
_952709
650 4 _aSida
_xPrevención y control
_96991
650 4 _aSida
_xDiagnóstico
_924104
650 4 _aSida
_xTratamiento
_924105
910 _aValidado. Control de calidad MFF
942 _2ddc
_cLBS1
999 _c9100
_d9100